Vista normal
Vista MARC
Entrada Materia (personas)
Número de registros utilizados en: 1
001 - CONTROL NUMBER
- control field: 71312
003 - CONTROL NUMBER IDENTIFIER
- control field: Co-BoUCM
005 - DATE AND TIME OF LATEST TRANSACTION
- control field: 20150907083107.0
008 - FIXED-LENGTH DATA ELEMENTS
- fixed length control field: 150907|| aca||aabn | a|a d
040 ## - CATALOGING SOURCE
- Original cataloging agency: Co-BoUCM
- Transcribing agency: Co-BoUCM
100 ## - HEADING--PERSONAL NAME
- Personal name: Napoleon
- Numeration: I,
- Titles and other words associated with a name: Emperador de Francia
- Dates associated with a name: 1769-1821
- General subdivision: Relaciones con América Latina
670 ## - SOURCE DATA FOUND
- Source citation: Work cat.: (Co-BoUCM)299834: Ocampo, Emilio 1963- 71311, La última campaña del emperador, 2007